Ekologické prístupy k modernizácií technológií recyklačných aktivít

Bibliographic Details
Main Authors: Šenitková, Ingrid, 1955- (Author), Selecká, Iveta (Author)
Format: Article
Language:Slovak
PhysicalDescription:Obr.
ISBN:8022709689
Subjects:

MARC

LEADER 00000nab a2200000 a 4500
001 vtls000832043
003 SK-MaSNL
005 20260303185315.0
008 161006c1997 xo 0 slo
015 |a SNBRA2003/04-12222 
035 |a CLN000183698 
040 |a SNKBUCL  |b slo  |c SNKBUCL  |e AACR2 
041 0 |a slo 
044 |a xo  |c SK 
080 |a 628.477.6  |2 1997 
080 |a 504.064.45  |2 1997 
100 1 |a Šenitková, Ingrid,  |d 1955-  |4 aut  |9 231680 
245 1 0 |a Ekologické prístupy k modernizácií technológií recyklačných aktivít  |c Ingrid Šenitková, Iveta Selecká 
300 |b Obr. 
500 |a Pozn. pod čiarou 
504 |a Res. angl. 
504 |a Bibliogr. odkazy 
650 0 7 |a odpad  |x recyklácia  |2 snkbucl  |9 845884 
655 7 |a články zo zborníkov  |2 snkbucl  |9 166140 
700 1 |a Selecká, Iveta  |4 aut  |9 25076 
773 0 |z 8022709689  |t Technika ochrany prostredia  |d Bratislava : Slovenská technická univerzita, 1997  |g S. 163-168 
850 |a Slovenská národná knižnica v Martine 
852 |a SNK  |b KIS3GCP 
958 |a SK 
958 |a NB 
999 |c 2130739  |d 2132669